Problematika ovocných štiav a koncentrátov.

Ustanovenie sekcie ovocných štiav a koncentrátov v Bratislave a program na najbližšie obdobie. Nealkoholické nápoje z naturálnej bázy a sýtené nápoje. Falšovanie nápojov a ich identifikácia. Metóda ITP a HLPC. Medzinárodné združenie na kontrolu štiav a koncentrátov.

Guardado en:
Detalles Bibliográficos
Autor principal: Drdák, M.
Formato: Capítulo de libro
Lenguaje:eslovaco
Materias:
Etiquetas: Agregar Etiqueta
Sin Etiquetas, Sea el primero en etiquetar este registro!

MARC

LEADER 00000naa a2200000 4500
001 r012921
005 20221213123738.9
041 0 |a slo 
044 |a SK 
245 1 0 |a Problematika ovocných štiav a koncentrátov.  |c M. Drdák 
520 |a Ustanovenie sekcie ovocných štiav a koncentrátov v Bratislave a program na najbližšie obdobie. Nealkoholické nápoje z naturálnej bázy a sýtené nápoje. Falšovanie nápojov a ich identifikácia. Metóda ITP a HLPC. Medzinárodné združenie na kontrolu štiav a koncentrátov. 
610 2 0 |a nápoje nealkoholické 
610 2 0 |a Slovenská spoločnosť pre výživu 
610 2 0 |a kontrola kvality 
100 1 |a Drdák, M.